00909nam a22002177a 4500003000200000005001700002008004100019050002200060100002400082245017700106260007100283300004300354504005700397650004900454650004500503650004400548700002300592700002500615700002600640700002500666020250117095935.0250117b xxu||||| |||| 00| 0 eng d aRF 291b.M64 2023 aMillama, Alexene E. aBreaking the silencebcorrelation of functional interpersonal behavior and self-construal of young adults with sensorineural deficitsc Alexene E. Millama [and four others] aLas Pinas CitybSouthville International School and Collegesc2023 ax, 82 pages :billustrations ;c29cm.  aIncludes bibliographical references and appendices.  aHearing Impairments--sensorineural deficits. aPsychological Aspects -- self-construal. aInterpersonal Behavior--social aspects. aQuima, Justin Ryan aSamonte, Lann Nicole aSanchez, Loreyee Kyle aSantos, Nina Katrina